000 01200nam a2200253 i 4500
001 bg
100 1 _aKURGAN, Eugeniusz
245 1 0 _aAnaliza pola magnetostatycznego w środowisku niejednorodnym metodą elementów brzegowych /
_cEugeniusz Kurgan.
246 1 1 _aAnalysis of the magnetostatic field in non-homogeneous materials by boundary element method
260 _aKraków :
_bUczelniane Wydawnictwa Naukowo-Dydaktyczne AGH,
_c1999.
300 _a188, [1] s. :
_brys., wykr. ;
_c24 cm.
490 1 _aRozprawy, Monografie / [Akademia Górniczo-Hutnicza im. Stanisława Staszica] =
_aDissertations, Monographies,
_x0867-6631 ;
_v81
500 _aTyt. równol. : Analysis of the magnetostatic field in non-homogeneous materials by boundary element method. - Streszcz. ang.
504 _aBibliogr. s. 179-[189].
650 9 _aMetody i |zagadnienia brzegowe
650 9 _aPole magnetyczne
_xbadanie
_xmetody
650 9 _aRównania całkowe
_xstosowanie
830 0 _aRozprawy, Monografie ([Akademia Górniczo-Hutnicza im. Stanisława Staszica]) ;
_v81
040 _cBPK
041 0 _apl
_ben
080 _a537.612:517.9:519.61/.64
942 _cKS
008 s pl f |000 0 pol
999 _c38345
_d38345
856 _uhttp://koha.tu.koszalin.pl/cgi-bin/koha/opac-detail.pl?biblionumber=38345
_yKatalog online BPK